| 000 | 00649nam a2200229 a 4500 | ||
|---|---|---|---|
| 008 | |||
| 020 | _a0304338117 (pbk.) | ||
| 049 | _aMAIN | ||
| 090 |
_aHD58.95 _bMOO |
||
| 100 | 1 | _aMoore, Simon. | |
| 245 | 1 | 0 |
_aAn invitation to public relations / _cMoore Simon. |
| 260 |
_aLondon : _bCassell, _c1996. |
||
| 300 |
_aviii ,132 p. ; _c25 cm. |
||
| 500 | _aIncludes index. | ||
| 504 | _alncludes bibliographical references. | ||
| 650 | 1 | _aPublic relations. | |
| 907 |
_a.b1031796x _b21-09-12 _c13-09-12 |
||
| 999 |
_aMoyo, N. _c141889 _d141889 |
||
| 003 | |||
| 005 | 20230123125447.0 | ||
| 040 | _cNUST | ||
| 942 |
_cBOOKS _kHD58.95 _mMOO |
||